En la cárcel (Record no. 67774)

MARC details
000 -LEADER
campo de control de longitud fija 00644nam a2200193 i 4500
001 - NÚMERO DE CONTROL
campo de control 67774
003 - IDENTIFICADOR DE NÚMERO DE CONTROL
campo de control ES-MaACL
005 - FECHA Y HORA DE LA ÚLTIMA TRANSACCIÓN
campo de control 20250708063321.0
007 - CAMPO FIJO DE DESCRIPCIÓN FÍSICA--INFORMACIÓN GENERAL
campo de control de longitud fija t|
008 - DATOS DE LONGITUD FIJA--INFORMACIÓN GENERAL
campo de control de longitud fija 040205s1906 sp |||| | spa d
080 ## - NÚMERO DE LA CLASIFICACIÓN DECIMAL UNIVERSAL
Número de la Clasificación Decimal Universal 821.134.2-3"18"
100 1# - ENTRADA PRINCIPAL--NOMBRE DE PERSONA
Nombre de persona Gálvez, Pedro Luis de,
Fechas asociadas al nombre 1882-1940
9 (RLIN) 53712
245 10 - MENCIÓN DEL TÍTULO
Título En la cárcel
Resto del título : (narraciones) /
Mención de responsabilidad, etc. Pedro Luis de Gálvez ; con un prólogo de Juan de V. Portela y un epílogo de María Marín (Mario).
260 ## - PUBLICACIÓN, DISTRIBUCIÓN, ETC.
Lugar de publicación, distribución, etc. Cádiz :
Nombre del editor, distribuidor, etc. [s.n.,
Fecha de publicación, distribución, etc. 1906]
700 1# - ENTRADA AGREGADA--NOMBRE PERSONAL
Nombre de persona Vicente Portela, Juan de.
9 (RLIN) 114370
700 1# - ENTRADA AGREGADA--NOMBRE PERSONAL
Nombre de persona Marín, María.
9 (RLIN) 76749
852 ## - LOCALIZACIÓN
Ubicación ES-MaACL
Número de control de estantería T-1075-F-5
Holdings
Estatus retirado Estado de pérdida Estado de daño No para préstamo Colección Biblioteca de origen Biblioteca actual Ubicación en estantería Fecha de adquisición Fuente de adquisición Total de préstamos Signatura topográfica completa Código de barras Visto por última vez Precio de reemplazo Tipo de ítem Koha
        Colección de folletos Biblioteca del Ateneo de Madrid Biblioteca del Ateneo de Madrid Depósito folletos 17/01/2008     T-1075-F-5 1070957 23/02/2023 23/02/2023 Folleto